A Queda (Record no. 123757)

MARC details
000 -LÍDER
campo de controle de tamanho fixo 02288 a2200169 4500
001 - NÚMERO DE CONTROLE
campo de controle 123757
020 ## - ISBN - INTERNATIONAL STANDARD BOOK NUMBER
ISBN - International Standard Book Number 9788532526090
040 ## - FONTE DA CATALOGAÇÃO
Instituição que transcreveu o registro Escola Canadense de Niteroi
090 ## - NÚMERO DE CHAMADA LOCAL
Número de chamada (OCLC) (R); Número de chamada, CALL (RLIN) (NR) TOR
100 ## - ENTRADA PRINCIPAL--NOME PESSOAL
Nome pessoal Del Toro, Guillermo
245 10 - TÍTULO
Título A Queda
260 ## - PUBLICAÇÃO, DISTRIBUIÇÃO, ETC.
Local de publicação, distribuição, etc. Rio de Janeiro
362 0# - DATAS DE PUBLICAÇÃO E/OU DESIGNAÇÃO SEQUENCIAL
Datas de publicação e/ou designação sequencial 2010
490 0# - TÍTULO DA SÉRIE
Título da série Trilogia da Escuridão
520 ## - NOTA DE RESUMO, ETC
Resumo, etc. Guillermo del Toro, diretor do aclamado O labirinto do fauno, e Chuck Hogan, apontado por Stephen King como um dos dez melhores escritores de suspense da atualidade, estão de volta com A queda – segundo volume da surpreendente e aterradora trilogia iniciada com Noturno. Depois que um devastador ataque de vampiros tomou de assalto a cidade de Nova York, a pandemia se espalha rapidamente pelo globo. Um pequeno grupo de heróis luta para salvar a raça humana da extinção. Horror, suspense e fantasia carregada em tintas noir dão o ritmo eletrizante deste épico, descrito como o 'encontro de Bram Stoker com Stephen King e Michael Crichton'.<br/><br/>Nadando contra a corrente do gênero atual, no qual os vampiros são mostrados com inclinações românticas ou como heróis de almas atormentadas, Guillermo del Toro e Chuck Hogan os apresentam como monstros desagradáveis, parasitas com um apetite insaciável por sangue humano. Desta vez, a praga que começou no aeroporto de Nova York continua a se espalhar pelo mundo. Há relatos de vírus nas principais cidades do mundo: Londres, Pequim, Tóquio, Lisboa.<br/><br/>A queda mostra um pouco mais da linhagem que gerou o vírus, e a guerra de poder travada entre os Velhos e os Novos vampiros. No centro do conflito, encontra-se um livro com textos fundadores da história da raça e seus segredos mais obscuros. Quem encontrá-lo ganha a guerra e, em última instância, dita o destino da humanidade. Em meio a duas forças devastadoras, encontra-se o homem, reduzido a mero alimento numa guerra diabólica.<br/><br/>Desta vez, o Dr. Ephraim Goodweather, seu filho Zack, a Dr. Nora Martinez, o velho Abraham Setrakian e Vasiliy Fet recebem o apoio improvável de Gus Elizade e sua gangue de caça-vampiros. Juntos, este estranho grupo tem que enfrentar o terror que se alastra. Eles são obrigados a tomar decisões difíceis, quando encontram rostos conhecidos dominados pelo vírus.
942 ## - ELEMENTOS DE ENTRADA ADICIONADOS (KOHA)
Tipo de material Koha Livros
Holdings
Situação do descarte Situação das perdas Situação física Não pode ser emprestado Biblioteca de origem Biblioteca atual Data de aquisição Total de empréstimos Número de chamada completo Código de barras Data de último acesso Data do preço efetivo Tipo de material Koha
        Canadian School of Niterói - Piratininga Canadian School of Niterói - Piratininga 09/02/2024   TOR A29841 09/02/2024 09/02/2024 Livros